000
00301nam a2200109Ia 4500
008
180205s9999 xx 000 0 und d
020
_a
9712311058
100
_a
De leon, Emmanuel B.
245
_a
Industrial psychology /
260
_a
Recto Avenue City
_b
REX book store
_c
1993
300
_a
iii, 346 pages
999
_c
354802
_d
354802